Ładuje się......
Tapioca
| 1. autor: | |
|---|---|
| Format: | Printed Book |
| Język: | Undetermined English |
| Wydane: |
Bangkok
ILO
1981
|
| LEADER | 00428nam a2200145Ia 4500 | ||
|---|---|---|---|
| 008 | 140306s9999 xx 000 0 und d | ||
| 041 | |a eng | ||
| 082 | |a 641.33682 ILO |b ILO/TA | ||
| 100 | |a ILO | ||
| 245 | |a Tapioca | ||
| 260 | |a Bangkok |b ILO |c 1981 | ||
| 300 | |a 22 | ||
| 942 | |2 ddc |c BK | ||
| 999 | |c 178251 |d 178251 | ||
| 952 | |0 0 |1 0 |2 ddc |4 0 |6 641_336820000000000_ILO_ILO_TA |7 0 |9 183195 |a KAUCBV |b KAUCBV |o 641.33682 ILO ILO/TA |r 2014-03-22 |w 2014-03-22 |y BK | ||